000
00322nam a2200133Ia 4500
100
_a
Bannister B.R
942
_c
BK
654
_a
modern digital system
245
_a
Fundamentals of modern digital system
260
_b
English language book society
_a
Singapore
_c
1987
300
_a
302
546
_a
ENGLISH
999
_c
29845
_d
29845